| 000 | 00670pam a2200217 a 4500 | ||
|---|---|---|---|
| 001 | 4223494 | ||
| 005 | 20180201065458.0 | ||
| 008 | 820526r19821960nyua 001 0 eng | ||
| 010 | _a 82009603 | ||
| 020 | _a0517385562 | ||
| 040 |
_aDLC _cDLC _dDLC |
||
| 041 | _aeng | ||
| 043 | _an-us--- | ||
| 080 | _a973.7 bru | ||
| 082 | 0 | 0 |
_a973.7 bru _219 |
| 100 | 1 | _a16 | |
| 101 | _ahis | ||
| 245 | 1 | 4 |
_aThe American heritage picture history of the Civil War / _cby the editors of American heritage, the magazine of history ; editor in charge, Richard M. Ketchum ; narrative by Bruce Catton. |
| 906 |
_a7 _bcbc _corignew _d1 _eocip _f19 _gy-gencatlg |
||
| 942 |
_2ddc _cBK |
||
| 999 |
_c41517 _d41517 |
||